000 01285nam a2200373Ia 4500
001 dia_5047
003 CHAP
005 20251023163330.0
008 220117s2009 xx 000 0 und d
010 _a175870
020 _a978-607-17-0042-1
040 _cCHAP
082 _a664.9 V55 2009
100 _aVillegas de Gante, Abraham
_9119748
245 _aTecnología de alimentos de origen animal : manual de prácticas /
_c Abraham Villegas de Gante
250 _a2a ed.
260 _aMéxico :
_b Trillas :,
_b Universidad Autónoma Chapingo,
_c2009
300 _a184 p.
503 _aC/e (ej.1 y 2) \ C. (ej.3)
504 _aIncluye bibliografías
590 _aTP370.4 V55 2009
650 _aAlimentos
_xAnálisis
_94164
650 _aAlimentos
_xManuales de laboratorio
_9154813
650 _aFood industry
_xHandbooks, manuals, etc.
_9154814
650 _aFood industry
_xTechnology
_9147008
650 _aFood
_xAnalysis
_9147009
650 _aFood
_xLaboratory manuals
_9154815
650 _aIndustria de los alimentos
_xManuales
_9154816
650 _aIndustria de los alimentos
_xTecnología
_9148182
901 _a664.9 V55 2009
902 _aM
905 _a5232272009 mx aimn8222223322spa16
942 _cLIBRO
_2ddc
999 _c175870
_d175870